Sztuka Starożytnego Rzymu z Różnych Okresów - Statystyki

Ogólne statystyki
  • Ten quiz został rozwiązany 7 razy
    6 od ostatniego zresetowania
  • Średni wynik to 10 z 36
Statystyki odpowiedzi
Zagadnienie Odpowiedź % Poprawnych
1.Okres Królewski(8Wp.n e)
100%
3.Okres Cesarstwa (1Wr.p.n.e)
100%
1.Okres Królewski(7Wp.n e)
50%
1.Okres Królewski(608e.p.n e)
50%
1.Okres Królewski(6-5Wp.n e)
50%
2.Okres Republiki (2Wp.n.e)
50%
2.Okres Republiki (1Wp.n.e)
50%
2.Okres Republiki (50-40Wp.n.e)
50%
2.Okres Republiki (54r.p.n.e)
50%
3.Okres Cesarstwa (1Wp.n.e)
50%
3.Okres Cesarstwa(20r.p.n.e)
50%
3.Okres Cesarstwa(13-9r.p.n.e)
50%
3.Okres Cesarstwa(70-80r.n.e)
50%
3.Okres Cesarstwa(112r.n.e)
50%
3.Okres Cesarstwa(113r.n.e)
50%
3.Okres Cesarstwa(125r.n.e)
50%
3.Okres Cesarstwa(175r.n.e)
50%
1.Okres Królewski(7Wp.n e)
0%
2.Okres Republiki (6Wp.n.e-4W.n.e)
0%
2.Okres Republiki (1Wp.n.e)
0%
2.Okres Republiki (1Wp.n.e)
0%
2.Okres Republiki (40r.p.n.e)
0%
3.Okres Cesarstwa(19r.p.n.e)
0%
3.Okres Cesarstwa(11-2r.p.n.e)
0%
3.Okres Cesarstwa(2r.p.n.e)
0%
3.Okres Cesarstwa(1W.n.e)
0%
3.Okres Cesarstwa(1W.n.e)
0%
3.Okres Cesarstwa(1W.n.e)
0%
3.Okres Cesarstwa(60r.n.e)
0%
3.Okres Cesarstwa(68r.n.e)
0%
3.Okres Cesarstwa(118-134r.n.e)
0%
3.Okres Cesarstwa(139r.n.e)
0%
3.Okres Cesarstwa(180-196r.n.e)
0%
3.Okres Cesarstwa(293r.n.e)
0%
3.Okres Cesarstwa(312-315r.n.e)
0%
3.Okres Cesarstwa(2W.n.e)
0%
Nie znaleziono quizów pasujących do podanych kryteriów
Rozkład punktacji
Procent ludzi z każdym wynikiem
Percentyl według liczby udzielonych odpowiedzi
Twoja historia wyników
Nie rozwiązałeś tego quizu od ostatniego zresetowania